| 000 | 00866nas a2200277 4500 | ||
|---|---|---|---|
| 001 | BR2012009272 | ||
| 003 | BR-BrBNA | ||
| 005 | 20231205121624.0 | ||
| 007 | ta | ||
| 008 | 230509b bl.|||p| |||| 00| 00por d | ||
| 040 |
_aBR-BrBNA _bpor _cBiblioteca Nacional de Agricultura |
||
| 041 | _a(En) | ||
| 072 | _aL74 | ||
| 100 | 1 | _aMarco, V. de | |
| 100 | 1 | _aCarvalho, L.R. | |
| 100 | 1 | _aBillerbeck, A.E.C. | |
| 100 | 1 | _aMendonça, B.B. | |
| 245 | 1 | _aGermline mutation analysis of Tpit in Poodle dogs with ACTH-dependent hyperadrenocorticism | |
| 650 | _aCÃO | ||
| 650 | _aRAÇA | ||
| 650 | _aMEDICAMENTO | ||
| 650 | _aDISTÚRBIO GENÉTICO | ||
| 773 | 0 |
_tArquivo Brasileiro de Medicina Veterinária e Zootecnia (Brazil) _xISSN 0102-0935 _g(Aug 2012), v. 64(4) p. 853-859 _wBR2012009272 |
|
| 909 |
_a202311 _bLúcia _c55 _dLúcia Elande |
||
| 942 |
_2AGRIS _n0 _cANA |
||
| 999 |
_c224427 _d224427 |
||